The last samurai : the life and battles of Saigō Takamori /

Bibliographic Details
Main Author: Ravina, Mark, 1961-
Corporate Author: NetLibrary, Inc
Format: eBook
Language:English
Published: Hoboken, N.J. : John Wiley & Sons, Inc., [2004]
Subjects:
Online Access:Connect to the full text of this electronic book

MARC

Tag First Indicator Second Indicator Subfields
LEADER 00000cam a22000004a 4500
001 in00002005652
005 20220105141838.0
006 m d
007 cr cnu---unuuu
008 040622s2004 njuab sb 001 0beng d
020 |a 0471690376 (electronic bk.) 
035 |a (OCoLC)ocm55694345 
040 |a N$T  |c N$T  |d UtOrBLW 
043 |a a-ja--- 
049 |a IKMN 
050 1 4 |a DS881.5.S2  |b R35 2004eb 
082 0 4 |a 952.03/1/092  |a B  |2 22 
100 1 |a Ravina, Mark,  |d 1961-  |0 http://id.loc.gov/authorities/names/n97124651 
245 1 4 |a The last samurai :  |b the life and battles of Saigō Takamori /  |c Mark Ravina. 
264 1 |a Hoboken, N.J. :  |b John Wiley & Sons, Inc.,  |c [2004] 
264 4 |c ©2004 
300 |a xvi, 265 pages :  |b illustrations, maps ;  |c 24 cm. 
336 |a text  |b txt  |2 rdacontent 
337 |a computer  |b c  |2 rdamedia 
338 |a online resource  |b cr  |2 rdacarrier 
504 |a Includes bibliographical references (pages 240-254) and index. 
505 0 |a "Powerfully sentimental", Saigo's early years in Satsuma -- "A man of exceptional fidelity", Saigo and national politics -- "Bones in the earth", exile and ignominy -- "To shoulder the burdens of the realm", the destruction of the Shogunate -- "To tear asunder the clouds", Saigo and the Meiji State -- "The burden of death is light", the war of the southwest. 
533 |a Electronic reproduction.  |b Boulder, Colo. :  |c NetLibrary,  |d 2004.  |n Available via World Wide Web.  |n Access may be limited to NetLibrary affiliated libraries. 
500 |a Electronic resource. 
600 1 0 |a Saigō, Takamori,  |d 1828-1877.  |0 http://id.loc.gov/authorities/names/n79135153 
650 0 |a Statesmen  |z Japan  |v Biography.  |0 http://id.loc.gov/authorities/subjects/sh2008112254 
651 0 |a Japan  |x History  |y Restoration, 1853-1870.  |0 http://id.loc.gov/authorities/subjects/sh85069482 
655 7 |a Electronic books.  |2 local 
710 2 |a NetLibrary, Inc.  |0 http://id.loc.gov/authorities/names/no99080690 
776 1 |c Original  |z 0471089702  |w (DLC) 2003006646  |w (OCoLC)51898842 
856 4 1 |u https://proxy.library.tamu.edu/login?url=http://www.netLibrary.com/urlapi.asp?action=summary&v=1&bookid=111583  |z Connect to the full text of this electronic book  |t 0 
994 |a 92  |b IKM 
999 |a MARS 
999 f f |s 3cd4ecf6-2f16-375b-b2e0-85ea14c4902e  |i da6c55a8-55f4-3b40-8cce-8d998e0185d3  |t 0 
952 f f |a Texas A&M University  |b College Station  |c Electronic Resources  |d Available Online  |t 0  |e DS881.5.S2 R35 2004eb  |h Library of Congress classification 
998 f f |a DS881.5.S2 R35 2004eb  |t 0  |l Available Online